Komparácia hodnotového systému stredoškolákov a vysokoškolákov študujúcich ekonomické odbory
V príspevku porovnávame výsledky prieskumu, v ktorom bol použitý zoznam 16 hodnôt, ktoré mali študenti zoradiť podľa dôležitosti od najdôležitejšej po najmenej dôležitú. Prieskum bol realizovaný na vzorke 93 stredoškolákov a 89 vysokoškolákov. Na prvom mieste sa v obidvoch skupinách umiestnilo rodin...
Enregistré dans:
| Auteur principal: | |
|---|---|
| Format: | Chapitre de livre |
| Langue: | slovaque |
| Sujets: | |
| Tags: |
Pas de tags, Soyez le premier à ajouter un tag!
|
MARC
| LEADER | 00000naa$a2200000$$$4500 | ||
|---|---|---|---|
| 001 | 0298612 | ||
| 005 | 20240502074528.5 | ||
| 041 | 0 | |a slo | |
| 044 | |a SK | ||
| 245 | 1 | 0 | |a Komparácia hodnotového systému stredoškolákov a vysokoškolákov študujúcich ekonomické odbory |c Zuzana Chmelárová |
| 520 | |a V príspevku porovnávame výsledky prieskumu, v ktorom bol použitý zoznam 16 hodnôt, ktoré mali študenti zoradiť podľa dôležitosti od najdôležitejšej po najmenej dôležitú. Prieskum bol realizovaný na vzorke 93 stredoškolákov a 89 vysokoškolákov. Na prvom mieste sa v obidvoch skupinách umiestnilo rodinné bezpečie, na druhom mieste u stredoškolákov šťastie a spokojnosť, u vysokoškolákov vnútorná (duševná) harmónia, na treťom mieste v obidvoch skupinách zhodne priateľstvo. Na poslednej priečke sa umiestnil pohodlný život. | ||
| 610 | 2 | 0 | |a univerzity |
| 610 | 2 | 0 | |a školy vysoké |
| 610 | 2 | 0 | |a študenti |
| 610 | 2 | 0 | |a motivácia |
| 610 | 2 | 0 | |a prieskum |
| 100 | 1 | |a Chmelárová, Zuzana, 1967- | |